[Event "AZE-ch Women 2019"]
[Site "Baku"]
[Date "2019.02.08"]
[Round "5.1"]
[White "Mammadzada, Gunay"]
[Black "Allahverdiyeva, Ayan"]
[Result "1-0"]
[WhiteElo "2422"]
[BlackElo "2051"]
[Annotator "TA"]
[PlyCount "69"]
[EventDate "2019.02.04"]
[EventType "swiss"]
[EventCountry "AZE"]
[SourceTitle "playchess.com"]
[Source "ChessBase"]
[SourceQuality "1"]

{[%evp 25,69,82,96,41,57,0,6,0,0,0,0,0,117,14,18,0,13,18,43,11,118,137,206,141,258,254,236,250,477,286,605,596,589,570,1589,1567,29981,29982,6311,2082,2089,1885,29986,29987,29981,6628]} 1. e4 c5 2. Nf3 e6 3. d4 cxd4 4. Nxd4 Nf6 5. Nc3 d6 6. g4 h6 7. h4 Nc6 8. Rg1 h5 9. gxh5 Nxh5 10. Bg5 Nf6 11. Qd2 Qb6 12. Nb3 a6 13. O-O-O Bd7 14. Qe1 {B81: Sicilian Scheveningen: Keres Attack} (14. Kb1 $16) (14. Be2 Qc7 15. h5 Nxh5 16. Rh1 g6 17. Bxh5 gxh5 18. Qe2 Be7 19. Bxe7 Nxe7 20. Rxh5 O-O-O 21. Rxh8 Rxh8 {½-½ (37) Kryvoruchko,Y (2697)-Kulaots,K (2573) Abu Dhabi 2015}) 14... Rc8 15. Be3 $146 ({Better is} 15. Rg2 $14) ({Predecessor:} 15. Kb1 Qc7 16. Bg2 b5 17. Rc1 Ne5 18. Nd1 Be7 19. Ne3 Nh5 20. Bxe7 Kxe7 21. Qd2 Nc4 {0-1 (46) Valkesalmi,K (2290)-Vallifuoco,G Thessaloniki 1984}) 15... Qc7 $1 $11 16. f4 {The position is equal.} b5 17. Bd3 Nb4 18. Kb1 Qb7 (18... Nxd3 $11 {remains equal.} 19. cxd3 Qb8) 19. Bd4 (19. e5 $16 dxe5 20. fxe5 Nxd3 21. Rxd3) 19... Nxd3 20. cxd3 b4 21. Ne2 Bb5 22. e5 dxe5 (22... Nh5 $1 $11 {keeps the balance.}) 23. Bxe5 $16 a5 {[#]} (23... Rh7 $16 {was necessary.}) 24. f5 $1 $18 {Black must now prevent fxe6.} Qa6 (24... a4 $16 {was worth a try.} 25. Nbd4 Nh5) 25. Nf4 Nh5 26. fxe6 fxe6 $2 {[#]} (26... Nxf4 27. Bxf4 Rd8) 27. Nxe6 $1 {[%mdl 512]} Qxe6 $2 (27... Bxd3+ 28. Ka1 Qxe6) 28. Nd4 {[%mdl 64] Double Attack} Qe7 {next ...Bd7 is good for Black.} 29. Nxb5 Kd7 30. Qe4 Nf6 31. Qb7+ Kd8 32. Qb6+ (32. Bxf6 $142 gxf6 33. Qb6+ {[%mdl 64] Double Attack} Ke8 34. Rge1) 32... Kd7 33. Rge1 Nd5 34. Qb7+ Kd8 35. Qxd5+ {Accuracy: White = 46%, Black = 19%.} 1-0

[Event "AZE-ch Women 2019"]
[Site "Baku"]
[Date "2019.02.08"]
[Round "5.2"]
[White "Mamedjarova, Zeinab"]
[Black "Beydullayeva, Govhar"]
[Result "0-1"]
[WhiteElo "2307"]
[BlackElo "2239"]
[Annotator "TA"]
[PlyCount "112"]
[EventDate "2019.02.04"]
[EventType "swiss"]
[EventCountry "AZE"]
[SourceTitle "playchess.com"]
[Source "ChessBase"]
[SourceQuality "1"]

{[%evp 14,112,8,0,5,22,21,-21,-16,0,-8,-51,-46,-104,-103,-85,-114,-107,-100,-216,-206,-193,-61,-62,0,0,0,-59,-53,-69,69,57,62,70,60,64,105,93,127,122,129,104,108,95,86,83,158,163,188,109,135,-250,-249,-461,-452,-433,-443,-545,-545,-545,-543,-508,-514,-492,-384,-639,-633,-625,-625,-698,-583,-574,-555,-584,-566,-772,-757,-776,-786,-760,-768,-597,-492,-559,-558,-559,-550,-647,-604,-29979,-29980,-29975,-29980,-29980,-29981,-29983,-29984,-29985,-29986,-29986,-29986]} 1. d4 e6 2. Nf3 Nf6 3. e3 b6 4. Bd3 Bb7 5. O-O d5 6. b3 Bd6 7. Bb2 O-O 8. c4 Ne4 {E14: Queen's Indian: Classical Variation (4 e3)} (8... dxc4 9. Bxc4 Nbd7 10. Nc3 Qe7 11. Nb5 a6 12. Nxd6 cxd6 13. Nd2 Ne4 14. Nxe4 Bxe4 15. f3 Bg6 16. a4 {1-0 (29) Harikrishna,P (2729)-So,W (2765) Kolkata 2018}) 9. Qc2 f5 10. Ne5 $146 ({Predecessor:} 10. Nbd2 Rf6 11. Rfe1 Rh6 12. Nf1 Nd7 {1-0 (24) Vuong,T (1791)-Raja,B Chiangmai 2013}) 10... Bxe5 {The position is equal.} 11. dxe5 Nc6 {[%cal Bb8c6,Bc6a5,Ba5b3,Bb3a1][%mdl 32]} 12. a3 Na5 13. Be2 (13. Bxe4 $15 fxe4 14. Nd2) 13... dxc4 $17 14. b4 Nb3 {White must now prevent ...Qg5.} 15. Bxc4 Nxa1 16. Bxe6+ (16. Bxa1 $17 Qe7 17. f3) 16... Kh8 $19 17. Bxa1 Qe7 ({Better is} 17... Ng5 $1 $19 {[%cal Rg5e6]} 18. Rd1 Nf3+ $1 {[%mdl 512]} 19. gxf3 Qg5+ 20. Kf1 Bxf3) 18. Bc4 $15 Rad8 (18... a5 $15 19. f3 Ng5) 19. f3 $11 Ng5 20. Nd2 (20. Nc3 $11) 20... Bd5 $15 21. Bd3 Be6 (21... f4 $15 22. e4 Bf7) 22. f4 $14 {[%mdl 1024] White has compensation.} Qd7 23. Bd4 Nf7 24. Nf3 Rc8 25. Ba6 Rcd8 26. Rc1 Kg8 27. Bb2 c5 28. bxc5 bxc5 29. a4 {Hoping for Ba3.} Rb8 ({Black should play} 29... Qc6 30. Bb5 Qe4) 30. Ba3 $1 $16 ({Don't play} 30. Bb5 $6 Qd5 $14) 30... Bb3 {[#]} 31. Qxc5 (31. Qe2 $1 $18) 31... Qxa4 {[#]} 32. Nd4 $2 {[%mdl 8192]} (32. Bb7 $1 $16) 32... Qxa6 $19 33. Nxf5 $2 (33. Nc6 {keeps fighting.}) 33... Be6 34. Ne7+ Kh8 35. f5 {[#]} Bxf5 $1 {[%mdl 64] Deflection} 36. Nxf5 Rfc8 37. Qe7 Rxc1+ 38. Bxc1 Qc4 39. Bb2 $2 (39. h4 Qxc1+ 40. Kh2) 39... Qe2 {[%cal Re2e1]} 40. h3 Qxb2 41. Qxf7 {[%csl Gf5][%cal Rf7g7][%mdl 4096] Endgame KQR-KQN} Qa1+ 42. Kf2 {[%csl Gf5][%cal Rf7g7]} Qxe5 43. g4 g6 44. Ng3 Qg7 45. Qc4 Rf8+ 46. Kg2 Qf7 47. Qe2 Qf6 48. h4 Qxh4 49. Ne4 {intending Qb2+.} Qe7 50. Qc4 Re8 51. Kf3 {[#]} Qxe4+ $1 {Black mates.} 52. Qxe4 Rxe4 53. Kxe4 h5 54. gxh5 gxh5 55. Kf5 Kg7 56. e4 h4 {Accuracy: White = 31%, Black = 58%.} 0-1

[Event "AZE-ch Women 2019"]
[Site "Baku"]
[Date "2019.02.08"]
[Round "5.3"]
[White "Gasimova, Samra"]
[Black "Balajayeva, Khanim"]
[Result "0-1"]
[WhiteElo "1693"]
[BlackElo "2397"]
[Annotator "TA"]
[PlyCount "92"]
[EventDate "2019.02.04"]
[EventType "swiss"]
[EventCountry "AZE"]
[SourceTitle "playchess.com"]
[Source "ChessBase"]
[SourceQuality "1"]

{[%evp 9,92,-3,1,1,44,-7,4,2,19,-5,0,0,3,-53,-2,-10,4,-17,-12,-44,-44,-44,-41,-50,-47,-64,-66,-128,-123,-133,-114,-127,-134,-118,-124,-122,-112,-112,-114,-137,-99,-101,-103,-135,-134,-132,-131,-173,-153,-156,-121,-130,-101,-103,-98,-318,-324,-768,-758,-777,-776,-771,-767,-767,-759,-725,-691,-687,-672,-1292,-1292,-1292,-1279,-2729,-3559,-29978,-29979,-29979,-29980,-29980,-29981,-29980,-29981,-29981,-29982]} 1. d4 Nf6 2. c4 c6 3. Nc3 d5 4. e3 e6 5. Bd3 dxc4 (5... Nbd7 6. a3 Bd6 7. c5 Bc7 8. f4 b6 9. b4 a5 10. Bd2 bxc5 11. bxc5 Ba6 12. Bxa6 Rxa6 13. Nge2 O-O {0-1 (51) Kuzubov,Y (2655)-Korobov,A (2698) Kiev 2018}) 6. Bxc4 {D31: Queen's Gambit Declined: Semi-Slav without ...Nf6 (+ Marshall Gambit and Noteboom) and Exchange Variation lines without ...Nf6} Be7 7. Nge2 ({White should play} 7. Nf3 $14) 7... c5 8. O-O {The position is equal.} Nc6 $146 ({Predecessor:} 8... O-O 9. a4 Nc6 10. b3 b6 11. Ba3 cxd4 12. Bxe7 Qxe7 13. Nxd4 Bb7 14. Nf3 Rfd8 {0-1 (38) Zenuni,H (1989)-Kelmendi,A (2146) Prishtina 2016}) 9. b3 O-O 10. Bb2 cxd4 11. exd4 (11. Nxd4 $11 Nxd4 12. exd4) 11... Nb4 (11... Qb6 $15) 12. Nf4 $11 Bd6 13. Nd3 a6 14. a4 Nc6 15. Ne2 Qc7 16. f4 Rd8 17. Qc2 Rb8 {aiming for ...b5.} 18. Ne5 (18. Rfc1 $15) 18... Nb4 $17 19. Qd2 {[#]} b5 $1 {[%cal Rb5c4]} 20. axb5 axb5 21. Bd3 Nxd3 22. Qxd3 Bb7 23. Nc3 Qb6 24. Rfd1 Bxe5 25. fxe5 Ng4 26. Qxb5 Qxb5 $40 {[%mdl 128] Black has strong attack.} 27. Nxb5 {[#]} Bxg2 $1 {[%mdl 512]} 28. Nd6 (28. Kxg2 Ne3+) 28... Rxb3 29. Bc1 Bd5 {Strongly threatening ...f6.} 30. Ra3 Rxa3 31. Bxa3 Ra8 32. Bc1 $2 {[#]} (32. Rc1 $17) 32... Ra1 $1 $19 33. Rf1 $2 (33. h3 Ne3 {[%mdl 64] Pin} 34. Re1) 33... Ra2 {( -> ...Rg2+)} 34. Rxf7 Rg2+ 35. Kf1 Nxh2+ 36. Ke1 Nf3+ {[%mdl 64] Double Attack} 37. Kf1 Rg1+ 38. Kf2 {intending Rc7.} Rxc1 39. Rxf3 Bxf3 40. Kxf3 {[%mdl 4096] Endgame KR-KN} Rd1 41. Ke3 h5 42. Ne4 Re1+ {Black mates.} 43. Kf4 {[#]} Rxe4+ $1 44. Kxe4 Kf7 45. Kf4 h4 46. Kg4 {[#]} g5 $1 {[%mdl 512] Accuracy: White = 36%, Black = 68%.} 0-1

[Event "AZE-ch Women 2019"]
[Site "Baku"]
[Date "2019.02.08"]
[Round "5.4"]
[White "Abdulla, Khayala"]
[Black "Mamedjarova, Turkan"]
[Result "0-1"]
[WhiteElo "2243"]
[BlackElo "2267"]
[Annotator "TA"]
[PlyCount "148"]
[EventDate "2019.02.04"]
[EventType "swiss"]
[EventCountry "AZE"]
[SourceTitle "playchess.com"]
[Source "ChessBase"]
[SourceQuality "1"]

{[%evp 9,148,38,38,34,40,31,33,34,32,23,28,20,24,20,30,20,27,12,35,37,34,21,52,54,55,55,181,70,85,94,102,64,63,65,77,77,44,-36,17,17,35,17,19,11,11,11,11,0,0,-1,0,0,0,0,0,0,0,0,0,-8,-16,-16,0,-21,-26,0,-10,-71,0,-235,-244,-303,-346,-353,-319,-313,-342,-482,-301,-363,-347,-645,-594,-622,-552,-673,-671,-664,-664,-641,-594,-746,-736,-2560,-2468,-1505,-694,-689,-675,-1660,-1257,-1668,-1577,-1499,-1491,-1466,-1338,-4771,-4986,-3377,-3379,-2219,-1366,-6203,-5857,-6123,-6239,-5600,-10065,-29946,-6111,-7025,-6755,-5903,-6705,-6490,-6933,-5841,-5006,-29974,-29975,-29975,-29976,-29976,-29977,-29981,-29981,-29984,-29985,-29989,-29984]} 1. e4 e5 2. Nf3 Nc6 3. c3 Nf6 4. d4 d6 5. d5 Ne7 6. Bd3 {C44: Ponziani Opening and Scotch Gambit} (6. Bg5 Nd7 7. c4 h6 8. Be3 g6 9. Nc3 Bg7 10. g4 a5 11. Nd2 Nc5 12. h4 h5 13. g5 {1-0 (47) Nepomniachtchi,I (2714)-Radjabov,T (2734) Beijing 2014}) 6... Ng6 7. O-O Be7 8. c4 {White is slightly better.} O-O 9. Nc3 Nh5 10. Bc2 $146 ({Predecessor:} 10. b4 a5 11. b5 b6 12. a4 Nhf4 13. Ne2 Bg4 {0-1 (40) Martin,R (1803)-Meulner,K (2122) Feffernitz 2014}) 10... Nhf4 11. Ne1 Bg5 12. Be3 a6 13. Qd2 Qf6 14. Kh1 h6 15. b4 Bg4 16. Bd1 Bxd1 17. Qxd1 {Nf3 is the strong threat.} Rfe8 (17... Qd8 $14) 18. Qg4 (18. g3 $18) 18... h5 19. Qd1 Nf8 20. g3 N4g6 $1 {[#] White must now prevent ...Bxe3.} 21. Ng2 {[%cal Be1g2,Bg2e3,Be3f5][%mdl 32]} h4 22. Qg4 Nh7 23. Ne2 ({White should play} 23. a4 $14) 23... Bxe3 (23... h3 $1 $15 24. Qxh3 Qf3 25. Bxg5 Nxg5) 24. Nxe3 $11 Qg5 25. Qxg5 Nxg5 26. f3 a5 27. b5 b6 28. Nf5 hxg3 29. hxg3 Ne7 30. Ne3 g6 31. Kg2 Kg7 32. Nc3 f5 33. exf5 Nxf5 34. Nxf5+ gxf5 35. Rae1 Kf6 36. Re2 Rh8 37. f4 Nf7 38. fxe5+ (38. c5 $1 $11 {remains equal.}) 38... dxe5 (38... Nxe5 $17 39. Ne4+ Kg6) 39. Ref2 $2 (39. c5 $11 {and White is okay.}) 39... Nd6 $19 40. Nd1 {intending Ne3.} Rag8 41. Rf3 Rh5 42. Nf2 e4 ({Not} 42... Nxc4 43. Rc3 $17) 43. Rc3 (43. Re3 {is a better defense.} Ke5 44. Rc1) 43... Ke5 {Hoping for ...f4.} 44. Re1 Kd4 45. Rc2 $2 (45. Rcc1) 45... f4 46. g4 Rh4 47. Rd2+ Kc3 48. Rdd1 e3 49. Rc1+ Kd4 50. Rcd1+ Kxc4 51. Nd3 Rgxg4+ 52. Kf1 Rh1+ (52... Rg3 $142 53. Nb2+ Kb4) 53. Ke2 Rxe1+ 54. Nxe1 Nxb5 {[%mdl 4096] [#] Endgame Strongly threatening ...Nd4+. KRN-KRN} 55. Kf3 Rg1 56. Kxf4 e2 57. Rc1+ Kxd5 58. Ke3 Nd4 59. Kd2 c5 60. Rc3 a4 {[%cal Ba5a4,Ba4a3][%mdl 32]} 61. Rh3 a3 62. Rh5+ Kc4 63. Rh3 Kb4 64. Nd3+ Ka4 {( -> ...Rd1+)} 65. Ne1 b5 {[%cal Bb6b5,Bb5b4][%mdl 32]} 66. Rh8 b4 67. Rb8 Rg3 68. Rc8 Kb5 69. Re8 Kc4 {Black mates.} 70. Ra8 Nf3+ 71. Nxf3 Rxf3 72. Kxe2 Rh3 73. Kd2 Rh2+ 74. Kc1 Kc3 {Precision: White = 41%, Black = 75%.} 0-1

[Event "AZE-ch Women 2019"]
[Site "Baku"]
[Date "2019.02.08"]
[Round "5.5"]
[White "Hojjatova, Aydan"]
[Black "Soyunlu, Narmin"]
[Result "1/2-1/2"]
[WhiteElo "2303"]
[BlackElo "2029"]
[Annotator "TA"]
[PlyCount "144"]
[EventDate "2019.02.04"]
[EventType "swiss"]
[EventCountry "AZE"]
[SourceTitle "playchess.com"]
[Source "ChessBase"]
[SourceQuality "1"]

{[%evp 11,144,16,12,12,17,3,2,-11,4,-15,10,0,6,0,0,-10,0,-15,2,8,11,0,0,0,0,0,0,0,10,0,0,0,0,-4,0,-14,-4,-15,-14,-32,-5,0,0,0,-3,-14,-14,-8,-15,-25,-8,-30,-26,-37,-11,-18,-14,-18,-5,-35,-5,-22,-12,-10,-10,-26,-19,-22,0,0,0,-8,15,8,24,23,43,30,23,0,0,0,0,0,35,27,31,32,34,33,52,49,42,42,43,43,77,67,71,0,87,73,100,41,90,104,101,100,119,72,80,72,72,65,80,34,60,52,55,58,59,63,52,0,0,0,0,0,0,0,0,0,0,0,0]} 1. e4 e5 2. Nf3 Nc6 3. Bc4 Bc5 4. d3 Nf6 5. Nc3 h6 6. a3 a6 7. O-O {C50: Hungarian Defence and Giuoco Pianissimo} d6 8. Be3 O-O 9. Qd2 $146 ({Predecessor:} 9. Nd5 Nxd5 10. Bxd5 Ne7 11. Bb3 Ng6 12. d4 exd4 13. Nxd4 Re8 14. f3 Be6 15. Bxe6 Rxe6 {0-1 (45) Gao,R (2568)-Harikrishna,P (2727) China 2018}) 9... Bg4 10. Ne1 Qd7 11. h3 Be6 12. Bxe6 Qxe6 13. Nf3 Bxe3 14. fxe3 d5 15. exd5 Nxd5 16. e4 Nde7 17. Rae1 Rad8 18. Ne2 Ng6 19. Qc3 Rd7 20. Nc1 Nd4 21. Nxd4 exd4 22. Qb4 b6 23. Qa4 Ra8 24. Rf5 c5 25. Ref1 Nh4 26. R5f2 b5 27. Qa5 c4 28. Ne2 Ng6 29. Rf5 Rc8 {With the idea ...cxd3.} 30. Qd2 Qb6 31. Kh1 Qc7 32. Rc1 Rcd8 33. Qe1 Ne7 34. Rf1 Qe5 35. Qa5 Qc5 36. Qd2 Ng6 37. Rf5 Qb6 38. Qe1 Qc7 39. b4 Rd6 40. Qf2 Qe7 41. Rc5 Qe6 42. Rf1 R6d7 43. Qf5 Re8 44. Qxe6 Rxe6 45. Rff5 Ne7 {[#] White must now prevent ...cxd3.} 46. Rfe5 Rxe5 47. Rxe5 $11 {[%mdl 4096] Endgame KRN-KRN} Kf8 48. Rc5 cxd3 49. cxd3 Ng6 50. Kg1 Ke7 51. Kf2 f6 52. Ke1 Ne5 53. Kd2 Ke6 54. Nf4+ Ke7 55. Ne2 Ke6 56. Nc1 Rd6 57. Nb3 (57. Rc7 $16) 57... g6 58. Rc7 {[%cal Rb3c5] [#]} Nd7 59. Na5 Rb6 60. Rc6+ Ke5 61. g3 f5 62. exf5 gxf5 63. Rxb6 Nxb6 $16 {KN-KN} 64. Nc6+ Kd5 65. Nb8 Kd6 66. Nxa6 Nd7 67. Ke2 (67. Kd1 $14) 67... Kc6 $11 {The position is equal.} 68. h4 Kb6 69. Nc5 Nxc5 70. bxc5+ Kxc5 {Hoping for ...b4.} 71. Kf3 {Kf4 is the strong threat.} b4 72. axb4+ Kxb4 {Precision: White = 39%, Black = 50%.} 1/2-1/2

[Event "AZE-ch Women 2019"]
[Site "Baku"]
[Date "2019.02.08"]
[Round "5.6"]
[White "Mammadova, Gulnar"]
[Black "Heydarova, Aytaj"]
[Result "1-0"]
[WhiteElo "2368"]
[BlackElo "1747"]
[Annotator "TA"]
[PlyCount "75"]
[EventDate "2019.02.04"]
[EventType "swiss"]
[EventCountry "AZE"]
[SourceTitle "playchess.com"]
[Source "ChessBase"]
[SourceQuality "1"]

{[%evp 9,75,0,-7,-6,0,-6,0,6,11,8,11,11,18,11,9,6,14,14,10,-5,0,-10,-1,-18,-9,-1,-3,-6,-9,-40,-29,-27,-7,-20,0,0,0,-60,-54,-49,-35,-47,-15,-34,-5,-35,57,3,19,4,14,6,37,27,30,50,95,80,85,71,363,355,350,328,335,357,29990,29991]} 1. e4 c5 2. b3 e6 3. Nf3 d6 4. Bb2 Nf6 5. Bd3 (5. Bb5+ Nbd7 6. e5 dxe5 7. Nxe5 Bd6 8. Bxd7+ Bxd7 9. Nxd7 Qxd7 10. Qf3 Qc7 11. Nc3 a6 12. h4 Be5 13. h5 h6 14. O-O-O O-O 15. Rhe1 {½-½ (37) Delgado Ramirez,N (2619)-Mareco,S (2649) Batumi 2018}) 5... e5 6. O-O {B50: Sicilian: 2...d6, Miscellaneous} Be7 7. c3 Bg4 8. h3 $146 {The position is equal.} ({Predecessor:} 8. Qe2 O-O 9. Na3 Nc6 10. Nc4 d5 11. exd5 Nxd5 12. Bc2 Re8 {0-1 (67) Garrido Fernandez,D (2290)-Hernandez Funes,R (2168) Barcelona 2009}) 8... Bh5 9. Bb5+ Nbd7 10. Re1 O-O 11. d4 cxd4 12. cxd4 Rc8 13. Nbd2 exd4 14. Bxd4 a6 15. Bf1 Nc5 16. b4 Ne6 17. Qb3 d5 {...dxe4 is the strong threat.} 18. Bxf6 Bxf6 19. e5 Be7 20. a3 Bg6 21. Bd3 a5 22. Bxg6 hxg6 23. Rab1 (23. bxa5 $11 Qxa5 24. Qxb7) 23... axb4 $15 24. axb4 d4 25. Ne4 Qb6 26. h4 Rfe8 27. g3 Bf8 (27... Qb5 $15) 28. Kg2 ({White should try} 28. Nfg5 $14) 28... Qb5 $11 29. Nfg5 Rc4 {[%cal Rc4b4]} 30. Qf3 Qd7 31. Nxe6 Rxe6 32. Ng5 Re8 {[#]} 33. e6 $1 {[%cal Re6f7]} fxe6 34. Qd3 $40 {[%mdl 128] White has strong attack.} Rec8 $2 {[%mdl 8192]} ({Don't blunder} 34... Qc6+ $2 35. Kh2 $18) (34... Qd5+ $16 35. Kh2 Rcc8) 35. Qxg6 $18 {[%csl Gg5][%cal Rg6h7]} Qd5+ 36. Re4 {[%csl Gg5][%cal Rg6h7]} Qf5 {[#]} 37. Qh5 $1 {Rf4! would kill now.} ({Not} 37. Qxe6+ Qxe6 38. Nxe6 d3 $16) ({Inferior is} 37. Rxe6 Qxg6 38. Rxg6 d3 $14) 37... Rc2 $2 (37... R4c7 $18 38. Rd1 g6) 38. Rf4 {Accuracy: White = 52%, Black = 44%.} 1-0

[Event "AZE-ch Women 2019"]
[Site "Baku"]
[Date "2019.02.08"]
[Round "5.7"]
[White "Babayeva, Samira"]
[Black "Ismayil, Malak"]
[Result "0-1"]
[WhiteElo "1773"]
[BlackElo "1905"]
[Annotator "NA RC"]
[PlyCount "48"]
[EventDate "2019.02.04"]
[EventType "swiss"]
[EventCountry "AZE"]
[SourceTitle "playchess.com"]
[Source "ChessBase"]
[SourceQuality "1"]
[TimeControl "40/5400+30:1800+30"]

1. Nf3 {[%emt 0:09:49]} Nf6 {[%emt 0:00:00]} 2. c3 {[%emt 0:00:18]} e6 {[%emt 0:00:00]} 3. Qc2 {[%emt 0:00:04]} d5 {[%emt 0:00:11]} 4. d3 {[%emt 0:00:04]} c5 {[%emt 0:08:11]} 5. e4 {[%emt 0:00:10]} Qc7 {[%emt 0:02:01]} 6. Bg5 {[%emt 0:01:13]} Nbd7 {[%emt 0:09:56]} 7. Nbd2 {[%emt 0:01:59]} b6 {[%emt 0:06:00]} 8. d4 {[%emt 0:06:19]} dxe4 {[%emt 0:12:23]} 9. Nxe4 {[%emt 0:00:38]} Bb7 {[%emt 0:04:21]} 10. Nxf6+ {[%emt 0:08:31]} gxf6 {[%emt 0:00:09]} 11. Bh4 {[%emt 0:07:16]} O-O-O {[%emt 0:13:01]} 12. Bg3 {[%emt 0:01:05]} Bd6 $1 {[%emt 0:00:15]} 13. O-O-O {[%emt 0:00:35]} f5 $11 {[%emt 0:06:24]} 14. Qa4 {[%emt 0:06:25]} Bxg3 {[%emt 0:13:24]} 15. hxg3 {[%emt 0:01:25]} Kb8 {[%emt 0:00:16]} 16. Bb5 {[%emt 0:01:04]} Nf6 {[%emt 0:01:37]} 17. Ne5 {[%emt 0:07:15]} cxd4 {[%emt 0:01:27]} 18. Nc6+ {[%emt 0:07:56]} Bxc6 {[%emt 0:00:10]} 19. Bxc6 {[%emt 0:00:05]} dxc3 {[%emt 0:00:39]} 20. b3 {[%emt 0:00:17]} c2 {[%emt 0:04:35]} 21. Rde1 {[%emt 0:01:23]} Rd6 {[%emt 0:01:30]} 22. Bf3 {[%emt 0:00:45]} Qc3 {[%emt 0:01:17]} 23. Qa6 {[%emt 0:01:04]} Qd2+ {[%emt 0:00:35]} 24. Kb2 {[%emt 0:00:17]} c1=Q# {[%emt 0:00:16]} 0-1

[Event "AZE-ch Women 2019"]
[Site "Baku"]
[Date "2019.02.08"]
[Round "5.8"]
[White "Babazade, Zhala"]
[Black "Jafarova, Aysel"]
[Result "1/2-1/2"]
[WhiteElo "1823"]
[BlackElo "1376"]
[Annotator "NA RC"]
[PlyCount "66"]
[EventDate "2019.02.04"]
[EventType "swiss"]
[EventCountry "AZE"]
[SourceTitle "playchess.com"]
[Source "ChessBase"]
[SourceQuality "1"]
[TimeControl "40/5400+30:1800+30"]

1. e4 {[%emt 0:00:00]} d5 {[%emt 0:00:00]} (1... Nf6 2. Nc3 d5 {½-½ (22) Samolins,V (2412)-Luther,T (2515) Pardubice 2011}) 2. exd5 {[%emt 0:00:15]} Nf6 {[%emt 0:00:00]} 3. Nc3 {[%emt 0:00:16]} Nxd5 {[%emt 0:00:14]} 4. Nxd5 {[%emt 0:00:43]} Qxd5 {[%emt 0:00:03]} 5. Qf3 {[%emt 0:01:25]} c6 {[%emt 0:04:43]} 6. Qxd5 {[%emt 0:01:13] B02: Alekhine's Defence: Chase Variation and lines with early Nc3} cxd5 {[%emt 0:00:05]} 7. d4 {[%emt 0:01:02]} Nc6 $146 {[%emt 0:00:41]} ({Predecessor:} 7... Bf5 8. Bb5+ Nc6 {0-1 (41) Aigner,G (1786)-Fischer,G (2008) Bergen 2014}) 8. c3 {[%emt 0:00:19]} (8. Nf3 Bf5 9. c3 a6 10. Bf4 h6 11. Ne5 g5 12. Nxc6 bxc6 13. Be3 e6 {½-½ (22) Samolins,V (2412)-Luther,T (2515) Pardubice 2011}) 8... Bf5 {[%emt 0:00:56]} 9. Bb5 {[%emt 0:04:58]} a6 {[%emt 0:00:56]} 10. Be2 {[%emt 0:00:35]} e6 {[%emt 0:02:34]} 11. Nf3 {[%emt 0:01:32]} Bd6 {[%emt 0:02:26]} 12. O-O {[%emt 0:00:31]} ({Predecessor:} 12. Nh4 Bc2 13. Be3 O-O {0-1 (41) Aigner,G (1786)-Fischer,G (2008) Bergen 2014}) 12... h6 {[%emt 0:01:02]} 13. h3 {[%emt 0:01:06]} Kd7 {[%emt 0:01:29]} 14. Be3 {[%emt 0:02:00]} Rac8 {[%emt 0:01:44]} 15. Nd2 {[%emt 0:02:01]} Na5 {[%emt 0:08:47]} 16. f4 {[%emt 0:05:21]} Nc4 {[%emt 0:03:58]} 17. Nxc4 {[%emt 0:01:24]} dxc4 {[%emt 0:00:04]} 18. Rad1 {[%emt 0:01:18]} Be4 {[%emt 0:01:00]} 19. Bf3 {[%emt 0:03:11]} Bd3 {[%emt 0:04:29]} 20. Rf2 {[%emt 0:00:08]} Kc7 {[%emt 0:02:45]} 21. d5 {[%emt 0:02:15]} Rhe8 {[%emt 0:03:44]} 22. Bd4 {[%emt 0:02:58]} f6 {[%emt 0:11:03]} 23. dxe6 {[%emt 0:03:15]} Rxe6 {[%emt 0:00:25]} 24. Bd5 {[%emt 0:01:52]} Re7 {[%emt 0:00:49]} 25. g3 {[%emt 0:01:16]} Rce8 $11 {[%emt 0:01:40]} 26. Bf3 {[%emt 0:12:11]} Be2 {[%emt 0:01:18]} 27. Rd2 {[%emt 0:05:37]} Bxf3 {[%emt 0:00:21]} 28. Rxf3 {[%emt 0:00:05]} Re1+ {[%emt 0:02:06]} 29. Rf1 {[%emt 0:00:19]} R1e2 {[%emt 0:01:18]} 30. Rf2 {[%emt 0:00:07]} Re1+ {[%emt 0:00:04]} 31. Rf1 {[%emt 0:01:12]} R1e2 {[%emt 0:00:42]} 32. Rf2 {[%emt 0:00:27]} Re1+ {[%emt 0:00:23]} 33. Kg2 Ra1 1/2-1/2